[Event "NED-ch 1997"]
[Site "Rotterdam"]
[Date "1997.06.29"]
[Round "7"]
[White "Van den Doel, Erik"]
[Black "Sosonko, Gennadi"]
[Result "0-1"]
[WhiteElo "2430"]
[BlackElo "2515"]
[PlyCount "60"]
[EventDate "1997.06.21"]
[Source "ChessBase"]
[SourceDate "1997.10.13"]

1. Nf3 c5 2. g3 d5 3. Bg2 Nc6 4. O-O e5 5. d3 Be7 6. e4 Nf6 7. Nc3 d4 8. Ne2
Nd7 9. Nd2 h5 10. f4 h4 11. Nf3 h3 12. Bh1 Nf6 13. Nd2 Ng4 14. Nb1 g5 15. Bf3
gxf4 16. gxf4 Rg8 17. Ng3 Bh4 18. Bxg4 Bxg4 19. Qe1 Qd7 20. a3 O-O-O 21. b4 c4
22. Nd2 exf4 23. Rxf4 Ne5 24. Nxc4 Bxg3 25. hxg3 Nf3+ 26. Rxf3 h2+ 27. Kf2 Bxf3
28. Kxf3 Qg4+ 29. Kg2 h1=Q+ 30. Kxh1 Qh3+ 0-1

[Event "NED-ch 1997"]
[Site "Rotterdam"]
[Date "1997.06.29"]
[Round "7"]
[White "Van der Sterren, Paul"]
[Black "Piket, Jeroen"]
[Result "1/2-1/2"]
[WhiteElo "2515"]
[BlackElo "2640"]
[PlyCount "114"]
[EventDate "1997.06.21"]
[Source "ChessBase"]
[SourceDate "1997.10.13"]

1. Nf3 Nf6 2. c4 g6 3. Nc3 Bg7 4. e4 d6 5. d4 O-O 6. Be2 e5 7. O-O Nc6 8. d5
Ne7 9. b4 Nh5 10. Re1 f5 11. Ng5 Nf6 12. Bf3 c6 13. Bb2 cxd5 14. exd5 Ne8 15.
Qb3 a5 16. a3 axb4 17. axb4 Rxa1 18. Rxa1 Nc7 19. c5 e4 20. cxd6 Qxd6 21. Ngxe4
fxe4 22. Nxe4 Qxd5 23. Nf6+ Bxf6 24. Bxd5+ Nexd5 25. Re1 Bxb2 26. Qxb2 Be6 27.
Qd4 Bf7 28. h4 h5 29. Qa7 b6 30. Qb7 Nb5 31. Re5 Rd8 32. Kh2 Nd4 33. Rxd5 Rxd5
34. Qxb6 Kg7 35. Qc7 Nb5 36. Qe7 Nd6 37. f3 Nf5 38. Qe2 Kf8 39. g4 Nd6 40. Qe3
Nc4 41. Qa7 Ne5 42. Kg3 Be8 43. Qc7 Nc6 44. Qf4+ Bf7 45. Qc7 Nd4 46. Qc8+ Be8
47. Qc4 Bf7 48. Qc8+ Kg7 49. Qc3 Kh7 50. Qc7 Kg8 51. Qc8+ Kh7 52. Qc7 Kg7 53.
Qc3 Kf8 54. Qc8+ Be8 55. Qc4 Rd6 56. Qc5 Nb5 57. Kf4 hxg4 1/2-1/2

[Event "NED-ch 1997"]
[Site "Rotterdam"]
[Date "1997.06.29"]
[Round "7"]
[White "Van der Weide, Karel"]
[Black "Timman, Jan"]
[Result "0-1"]
[WhiteElo "2355"]
[BlackElo "2630"]
[PlyCount "104"]
[EventDate "1997.06.21"]
[Source "ChessBase"]
[SourceDate "1997.10.13"]

1. e4 c5 2. Nf3 Nc6 3. d3 Nf6 4. g3 d5 5. Nbd2 Bg4 6. h3 Bh5 7. Bg2 e6 8. O-O
Be7 9. Re1 O-O 10. c3 Qc7 11. g4 Bg6 12. Nh4 Rad8 13. Nxg6 hxg6 14. exd5 Nxd5
15. Ne4 Nf4 16. Bxf4 Qxf4 17. Qe2 Rd7 18. Ng3 Rc8 19. Rad1 Qa4 20. a3 Rcd8 21.
Be4 Bh4 22. Nf1 Ne5 23. Nh2 Qb5 24. d4 Qxe2 25. Rxe2 cxd4 26. Rxd4 Rxd4 27.
cxd4 Rxd4 28. Bxb7 Rd1+ 29. Nf1 Nd3 30. Be4 Nf4 31. Re3 f5 32. Bc2 Rc1 33. Bb3
Kf7 34. Rf3 Bg5 35. Ba4 Ne2+ 36. Kg2 Nf4+ 37. Kg1 a6 38. b4 Ne2+ 39. Kg2 Nf4+
40. Kg1 e5 41. Rb3 Ne2+ 42. Kg2 Nf4+ 43. Kg1 e4 44. b5 Ne2+ 45. Kg2 f4 46. Nd2
Rg1+ 47. Kh2 f3 48. Nxe4 Bf4+ 49. Ng3 Rg2+ 50. Kh1 Rxf2 51. Rxf3 Nxg3+ 52. Rxg3
Bxg3 0-1

[Event "NED-ch 1997"]
[Site "Rotterdam"]
[Date "1997.06.29"]
[Round "7"]
[White "Van der Wiel, John"]
[Black "Sokolov, Ivan"]
[Result "1/2-1/2"]
[WhiteElo "2555"]
[BlackElo "2615"]
[PlyCount "46"]
[EventDate "1997.06.21"]
[Source "ChessBase"]
[SourceDate "1997.10.13"]

1. e4 e5 2. Nf3 Nc6 3. d4 exd4 4. Nxd4 Nf6 5. Nxc6 bxc6 6. e5 Qe7 7. Qe2 Nd5 8.
c4 Nb6 9. Nc3 Qe6 10. Bd2 Ba6 11. b3 Bc5 12. Qe4 O-O-O 13. Be2 Rde8 14. f4 f6
15. a4 f5 16. Qf3 d6 17. exd6 Qxd6 18. O-O-O Bd4 19. Bd3 Qc5 20. Rhe1 g6 21.
Kc2 Bb7 22. Rxe8+ Rxe8 23. Re1 Rxe1 1/2-1/2

[Event "NED-ch 1997"]
[Site "Rotterdam"]
[Date "1997.06.30"]
[Round "8"]
[White "Cifuentes Parada, Roberto"]
[Black "Van der Weide, Karel"]
[Result "0-1"]
[WhiteElo "2515"]
[BlackElo "2355"]
[PlyCount "68"]
[EventDate "1997.06.21"]
[Source "ChessBase"]
[SourceDate "1997.10.13"]

1. Nf3 Nf6 2. g3 g6 3. b3 Bg7 4. Bb2 O-O 5. Bg2 d6 6. d4 e5 7. dxe5 Nfd7 8. Nc3
dxe5 9. e4 Nc6 10. O-O b6 11. Qe2 a5 12. Rfd1 Ba6 13. Qe1 Nd4 14. Nxd4 exd4 15.
Nd5 c5 16. Qd2 Ra7 17. c3 Ne5 18. cxd4 Nd3 19. e5 Rd7 20. Nf4 Nxb2 21. Qxb2
Bxe5 22. Ne2 Bg7 23. Rac1 Re8 24. Bf3 cxd4 25. Nf4 d3 26. Qb1 d2 27. Rc2 g5 28.
Nd5 Rxd5 29. Bxd5 Qxd5 30. Rcxd2 Qf3 31. Rd8 Rf8 32. Qc1 Bb7 33. Kf1 Qh1+ 34.
Ke2 Bf3+ 0-1

[Event "NED-ch 1997"]
[Site "Rotterdam"]
[Date "1997.06.30"]
[Round "8"]
[White "Riemersma, Liafbern"]
[Black "Van den Doel, Erik"]
[Result "0-1"]
[WhiteElo "2435"]
[BlackElo "2430"]
[PlyCount "82"]
[EventDate "1997.06.21"]
[Source "ChessBase"]
[SourceDate "1997.10.13"]

1. d4 Nf6 2. c4 g6 3. Nc3 Bg7 4. e4 d6 5. f3 O-O 6. Bg5 a6 7. d5 c6 8. Qd2 Qa5
9. Nge2 b5 10. Nd4 bxc4 11. Bxc4 Bb7 12. Rc1 cxd5 13. Nb3 Qb4 14. Nxd5 Qxd2+
15. Bxd2 Nxd5 16. Bxd5 Bxd5 17. exd5 Nd7 18. Rc7 Nb6 19. Rxe7 Nxd5 20. Rd7 Rfd8
21. Rxd8+ Rxd8 22. Kf2 Bxb2 23. Rd1 Nc3 24. Bxc3 Bxc3 25. Nc5 a5 26. Ne4 Be5
27. Rd5 f5 28. Nd2 Rc8 29. Rxa5 Rc2 30. Ke3 Rc3+ 31. Ke2 Bxh2 32. g4 Bf4 33.
Nb3 fxg4 34. fxg4 Rg3 35. Nd4 Be5 36. Ra8+ Kf7 37. Nf3 Rxg4 38. Ra7+ Kf6 39.
Rxh7 Rg2+ 40. Kd3 Rxa2 41. Ke4 Ra4+ 0-1

[Event "NED-ch 1997"]
[Site "Rotterdam"]
[Date "1997.06.30"]
[Round "8"]
[White "Sosonko, Gennadi"]
[Black "Van der Wiel, John"]
[Result "1/2-1/2"]
[WhiteElo "2515"]
[BlackElo "2555"]
[PlyCount "23"]
[EventDate "1997.06.21"]
[Source "ChessBase"]
[SourceDate "1997.10.13"]

1. d4 d6 2. Nf3 Bg4 3. c4 Bxf3 4. exf3 g6 5. Nc3 Bg7 6. Be2 Nd7 7. f4 c5 8.
dxc5 Nxc5 9. Be3 Bxc3+ 10. bxc3 Nf6 11. Bd4 O-O 12. Bxf6 1/2-1/2

[Event "NED-ch 1997"]
[Site "Rotterdam"]
[Date "1997.07.01"]
[Round "9"]
[White "Van den Doel, Erik"]
[Black "Nijboer, Friso"]
[Result "0-1"]
[WhiteElo "2430"]
[BlackElo "2555"]
[PlyCount "68"]
[EventDate "1997.06.21"]
[Source "ChessBase"]
[SourceDate "1997.10.13"]

1. e4 d6 2. d4 g6 3. Nc3 Bg7 4. Bg5 c6 5. Qd2 b5 6. f4 Qb6 7. Nf3 Bg4 8. O-O-O
Nd7 9. Be2 b4 10. Nb1 Ngf6 11. Qe3 Be6 12. b3 a5 13. Nfd2 a4 14. Nc4 Bxc4 15.
bxc4 e5 16. c5 exd4 17. cxb6 dxe3 18. Bf3 d5 19. Bxf6 Nxf6 20. exd5 cxd5 21. g4
O-O-O 22. Rd4 Bf8 23. g5 Bc5 24. Rd3 Nh5 25. Rf1 Bxb6 26. Kd1 Rhe8 27. Bxh5
gxh5 28. Ke2 Re4 29. a3 Rc4 30. axb4 Rxc2+ 31. Kf3 Kb7 32. Nc3 a3 33. Na4 a2
34. Nxb6 Rf2+ 0-1

[Event "NED-ch 1997"]
[Site "Rotterdam"]
[Date "1997.07.01"]
[Round "9"]
[White "Van der Sterren, Paul"]
[Black "Sosonko, Gennadi"]
[Result "1/2-1/2"]
[WhiteElo "2515"]
[BlackElo "2515"]
[PlyCount "83"]
[EventDate "1997.06.21"]
[Source "ChessBase"]
[SourceDate "1997.10.13"]

1. d4 Nf6 2. c4 e6 3. Nf3 d5 4. Nc3 Bb4 5. Bg5 Nbd7 6. cxd5 exd5 7. Qc2 O-O 8.
e3 c5 9. Bd3 Qa5 10. O-O c4 11. Bf5 Re8 12. Nd2 g6 13. Bxd7 Nxd7 14. Rae1 Nb6
15. f3 Bxc3 16. bxc3 Bd7 17. Bh4 Na4 18. Nb1 f5 19. Bg3 Rac8 20. Be5 Nc5 21.
Qb2 Qa6 22. dxc5 Rxe5 23. Qb4 Qc6 24. Na3 Rc7 25. Rb1 Rxe3 26. Nc2 Re7 27. Qa5
Bc8 28. Qxa7 Qxc5+ 29. Qxc5 Rxc5 30. f4 Kf7 31. Kf2 Ra5 32. a3 Ra7 33. Rfd1 Bd7
34. Rxd5 Ba4 35. Nd4 Bc6 36. Nxc6 bxc6 37. Rd4 Rxa3 38. Rxc4 Ra2+ 39. Kf1 Ree2
40. Rxc6 Rf2+ 41. Ke1 Rae2+ 42. Kd1 1/2-1/2

[Event "NED-ch 1997"]
[Site "Rotterdam"]
[Date "1997.07.01"]
[Round "9"]
[White "Van der Weide, Karel"]
[Black "Piket, Jeroen"]
[Result "0-1"]
[WhiteElo "2355"]
[BlackElo "2640"]
[PlyCount "80"]
[EventDate "1997.06.21"]
[Source "ChessBase"]
[SourceDate "1997.10.13"]

1. e4 g6 2. d3 Bg7 3. g3 e5 4. Bg2 Ne7 5. Nf3 O-O 6. O-O d5 7. Nbd2 h6 8. c3 c5
9. exd5 Nxd5 10. Nc4 Nc6 11. Re1 Re8 12. Nfd2 Be6 13. Ne4 b6 14. a4 Qc7 15.
Ned6 Red8 16. Nb5 Qd7 17. Qe2 Rab8 18. f4 a6 19. Nbd6 b5 20. axb5 axb5 21. Nxe5
Qxd6 22. Nxc6 Qxc6 23. c4 Bd4+ 24. Kh1 Re8 25. Qf1 Bh3 26. cxd5 Bxg2+ 27. Kxg2
Qxd5+ 28. Kh3 Qf5+ 29. Kg2 Rxe1 30. Qxe1 Qxd3 31. Ra7 Qc2+ 32. Kh3 Bf6 33. Qe3
c4 34. Ra6 Bg7 35. Ra7 Rd8 36. Qe7 Qf5+ 37. Kg2 Qd5+ 38. Kh3 Bf8 39. Qc7 Qf5+
40. Kg2 Re8 0-1

[Event "NED-ch 1997"]
[Site "Rotterdam"]
[Date "1997.07.01"]
[Round "9"]
[White "Van der Wiel, John"]
[Black "Riemersma, Liafbern"]
[Result "1-0"]
[WhiteElo "2555"]
[BlackElo "2435"]
[PlyCount "81"]
[EventDate "1997.06.21"]
[Source "ChessBase"]
[SourceDate "1997.10.13"]

1. e4 c5 2. Nf3 d6 3. d4 cxd4 4. Nxd4 Nf6 5. Nc3 g6 6. Be3 Bg7 7. f3 Nc6 8. Qd2
O-O 9. O-O-O d5 10. exd5 Nxd5 11. Nxc6 bxc6 12. Bd4 e5 13. Bc5 Re8 14. Nxd5
cxd5 15. Qxd5 Qxd5 16. Rxd5 Be6 17. Rd6 Bxa2 18. b4 Bf8 19. Ra6 Bxc5 20. bxc5
Be6 21. Bb5 Re7 22. Rd1 Rc7 23. c6 Kf8 24. c4 Re8 25. Kb2 Bc8 26. Ra2 e4 27.
fxe4 Rxe4 28. Kc3 Kg7 29. Rd7 Bxd7 30. cxd7 Rexc4+ 31. Bxc4 Rxd7 32. Ra6 h5 33.
Bb5 Rd5 34. Bc6 Rf5 35. Bf3 h4 36. h3 Kh6 37. Rxa7 Kg5 38. Kd3 Rf6 39. Ra5+ Kh6
40. Ra4 g5 41. Rc4 1-0

[Event "NED-ch 1997"]
[Site "Rotterdam"]
[Date "1997.07.02"]
[Round "10"]
[White "Nijboer, Friso"]
[Black "Cifuentes Parada, Roberto"]
[Result "1-0"]
[WhiteElo "2555"]
[BlackElo "2515"]
[PlyCount "125"]
[EventDate "1997.06.21"]
[Source "ChessBase"]
[SourceDate "1997.10.13"]

1. e4 e6 2. d4 d5 3. Nc3 dxe4 4. Nxe4 Nd7 5. Nf3 Ngf6 6. Nxf6+ Nxf6 7. Bd3 c5
8. dxc5 Bxc5 9. Qe2 Qc7 10. Bg5 Bb4+ 11. Nd2 h6 12. Bh4 Qf4 13. Bg3 Qxd2+ 14.
Qxd2 Bxd2+ 15. Kxd2 Bd7 16. Rad1 O-O-O 17. Kc1 Bc6 18. f3 Nh5 19. Bf2 Nf4 20.
Bxa7 Nxg2 21. Rhg1 Nf4 22. Rxg7 Bxf3 23. Rxf7 Bxd1 24. Rxf4 Bh5 25. Bb6 Rd6 26.
Rc4+ Rc6 27. Ra4 Kb8 28. Bd4 Rd8 29. c3 Be8 30. Be5+ Kc8 31. Ra8+ Kd7 32. Ra7
Kc8 33. Be4 Rd5 34. Ra8+ Kd7 35. Bf6 Rc8 36. Ra7 Kc7 37. Bxd5 exd5 38. Be5+ Kb6
39. Bd4+ Kc7 40. a4 Bd7 41. b4 Re8 42. Kb2 h5 43. b5 Kb8 44. Kb3 h4 45. b6 Bg4
46. Ra5 Bd7 47. Kb4 Bc6 48. Ra7 Kc8 49. a5 Kd7 50. a6 Kd6 51. Bc5+ Ke6 52. Bf2
Rf8 53. axb7 Bxb7 54. Rxb7 Rxf2 55. Rh7 Rxh2 56. Kc5 Rc2 57. b7 Rxc3+ 58. Kb4
Rc1 59. Rh6+ Ke5 60. Rb6 Rb1+ 61. Kc5 Rc1+ 62. Kb5 Rb1+ 63. Kc6 1-0

[Event "NED-ch 1997"]
[Site "Rotterdam"]
[Date "1997.07.02"]
[Round "10"]
[White "Piket, Jeroen"]
[Black "Timman, Jan"]
[Result "0-1"]
[WhiteElo "2640"]
[BlackElo "2630"]
[PlyCount "80"]
[EventDate "1997.06.21"]
[Source "ChessBase"]
[SourceDate "1997.10.13"]

1. d4 Nf6 2. c4 g6 3. Nc3 d5 4. Nf3 Bg7 5. Qb3 dxc4 6. Qxc4 O-O 7. e4 a6 8. e5
b5 9. Qb3 Nfd7 10. Be3 c5 11. e6 cxd4 12. exf7+ Rxf7 13. Bxd4 Bxd4 14. Nxd4 Nc5
15. Qd5 Qxd5 16. Nxd5 Nbd7 17. b4 Bb7 18. Nc3 e5 19. Ndxb5 axb5 20. bxc5 b4 21.
Nb5 Rf4 22. Rc1 Re4+ 23. Kd1 Bc6 24. f3 Rf4 25. Nd6 Rxa2 26. Bc4+ Rxc4 27. Rxc4
b3 28. Re1 Rxg2 29. Kc1 Rxh2 30. f4 exf4 31. Re8+ Kg7 32. Re7+ Kf6 33. Rf7+ Ke6
34. Rfxf4 Ne5 35. Rcd4 Rh3 36. Rf1 Rc3+ 37. Kb2 Rxc5 38. Nc8 Bd5 39. Rf8 Nc4+
40. Kxb3 Nd6+ 0-1

[Event "NED-ch 1997"]
[Site "Rotterdam"]
[Date "1997.07.02"]
[Round "10"]
[White "Riemersma, Liafbern"]
[Black "Van der Sterren, Paul"]
[Result "1-0"]
[WhiteElo "2435"]
[BlackElo "2515"]
[PlyCount "115"]
[EventDate "1997.06.21"]
[Source "ChessBase"]
[SourceDate "1997.10.13"]

1. d4 Nf6 2. c4 e6 3. Nf3 d5 4. Nc3 Bb4 5. e3 O-O 6. Bd3 c5 7. O-O dxc4 8. Bxc4
Nbd7 9. Qe2 b6 10. Rd1 cxd4 11. exd4 Bxc3 12. bxc3 Bb7 13. Bd3 Qc7 14. c4 Rfe8
15. Bb2 h6 16. Rac1 Rac8 17. Ne5 Nxe5 18. dxe5 Nd7 19. Bb1 Nf8 20. Ba3 Red8 21.
Bd6 Qc6 22. f3 f5 23. Bd3 Ng6 24. Qb2 Ba6 25. Qa3 Qb7 26. Be2 Rc6 27. f4 Qc8
28. Rd4 Nh8 29. Bf3 Rc7 30. c5 bxc5 31. Ra4 Bb5 32. Bxc7 Rd3 33. Qxc5 Bxa4 34.
Qc4 Qd7 35. Bd6 Bb5 36. Qb4 a6 37. Be2 Rd5 38. Bf3 Rd3 39. Rc7 Qe8 40. Re7 Qc8
41. Rc7 Qe8 42. a4 Bxa4 43. Qb7 Qg6 44. Bh5 Rd1+ 45. Bxd1 Bxd1 46. Rc3 Be2 47.
Qe7 Bb5 48. Qf8+ Kh7 49. Rc8 Qg4 50. h3 Qxf4 51. Qxh8+ Kg6 52. Rc2 Qf1+ 53. Kh2
Qf4+ 54. g3 Qe4 55. Qc8 f4 56. Qc3 Kh5 57. gxf4 Be2 58. Qd2 1-0

[Event "NED-ch 1997"]
[Site "Rotterdam"]
[Date "1997.07.02"]
[Round "10"]
[White "Sokolov, Ivan"]
[Black "Van der Weide, Karel"]
[Result "1-0"]
[WhiteElo "2615"]
[BlackElo "2355"]
[PlyCount "103"]
[EventDate "1997.06.21"]
[Source "ChessBase"]
[SourceDate "1997.10.13"]

1. d4 Nf6 2. c4 g6 3. Nc3 Bg7 4. e4 d6 5. Nf3 O-O 6. Be2 Nbd7 7. O-O e5 8. Qc2
c6 9. Rd1 Qe7 10. d5 a5 11. a3 Ne8 12. Rb1 f5 13. dxc6 bxc6 14. b4 Ndf6 15. b5
Bb7 16. exf5 gxf5 17. Nh4 f4 18. Nf5 Qe6 19. bxc6 Bxc6 20. Nd5 Rf7 21. Bf3 Rc8
22. Nxf6+ Qxf6 23. Bxc6 Rxc6 24. Nxg7 Kxg7 25. Rb8 Qe6 26. Qa4 Rc8 27. Rxc8
Qxc8 28. c5 Rc7 29. Bb2 Rxc5 30. Qxf4 Qe6 31. Qd2 Kf7 32. h3 Ke7 33. f4 e4 34.
Bd4 Rd5 35. Rb1 Kf8 36. Rb7 Qf6 37. Bxf6 Rxd2 38. Bg5 e3 39. Bh6+ Kg8 40. Re7
Rd1+ 41. Kh2 Nf6 42. Rxe3 Kf7 43. f5 d5 44. Rb3 Ne4 45. g4 Kf6 46. Rb6+ Ke5 47.
Kg2 Rd3 48. f6 Rg3+ 49. Kh2 Rf3 50. Bg7 Kd4 51. f7+ Kc5 52. Rf6 1-0

[Event "NED-ch 1997"]
[Site "Rotterdam"]
[Date "1997.07.02"]
[Round "10"]
[White "Van den Doel, Erik"]
[Black "Van der Wiel, John"]
[Result "0-1"]
[WhiteElo "2430"]
[BlackElo "2555"]
[PlyCount "66"]
[EventDate "1997.06.21"]
[Source "ChessBase"]
[SourceDate "1997.10.13"]

1. e4 c5 2. Nf3 Nc6 3. d4 cxd4 4. Nxd4 e5 5. Nb5 d6 6. c4 Be7 7. Bd3 a6 8. N5c3
Bg5 9. Nd2 Nf6 10. O-O O-O 11. b3 Nd4 12. Nd5 Ne6 13. Bc2 Nd4 14. Bb2 Nxc2 15.
Nxf6+ Qxf6 16. Qxc2 Qg6 17. Nf3 Be7 18. Ba3 Bh3 19. Ne1 Bd7 20. Qd3 Bc6 21. f3
f5 22. exf5 Rxf5 23. Rd1 Raf8 24. Qe3 h5 25. Kh1 e4 26. f4 Qh6 27. g3 h4 28.
Kg1 hxg3 29. hxg3 Rh5 30. Ng2 Rh2 31. Rd2 Qh3 32. Bb2 Rf5 33. a4 Rh5 0-1

[Event "NED-ch 1997"]
[Site "Rotterdam"]
[Date "1997.07.03"]
[Round "11"]
[White "Cifuentes Parada, Roberto"]
[Black "Piket, Jeroen"]
[Result "0-1"]
[WhiteElo "2515"]
[BlackElo "2640"]
[PlyCount "41"]
[EventDate "1997.06.21"]
[Source "ChessBase"]
[SourceDate "1997.10.13"]

1. d4 d5 2. c4 e6 3. Nf3 Nf6 4. Bg5 Be7 5. Nc3 O-O 6. e3 h6 7. Bf4 c5 8. dxc5
Bxc5 9. cxd5 Nxd5 10. Nxd5 exd5 11. Bd3 Bb4+ 12. Ke2 Nc6 13. Bc2 Re8 14. Qd3 g6
15. Bxh6 Bg4 16. a3 Ne5 17. Qd4 Bc5 18. Qf4 Qb6 19. b4 Qa6+ 20. Kd2 Bd6 21. Qf6
0-1

[Event "NED-ch 1997"]
[Site "Rotterdam"]
[Date "1997.07.03"]
[Round "11"]
[White "Timman, Jan"]
[Black "Sokolov, Ivan"]
[Result "1/2-1/2"]
[WhiteElo "2630"]
[BlackElo "2615"]
[PlyCount "59"]
[EventDate "1997.06.21"]
[Source "ChessBase"]
[SourceDate "1997.10.13"]

1. d4 d5 2. c4 c6 3. Nf3 Nf6 4. Nc3 e6 5. Bg5 h6 6. Bxf6 Qxf6 7. Qb3 dxc4 8.
Qxc4 Nd7 9. Rd1 g6 10. g3 Bg7 11. Bh3 O-O 12. O-O Qe7 13. Ne4 Rb8 14. a3 Re8
15. b4 a5 16. Nc5 axb4 17. axb4 Ra8 18. Qb3 Rd8 19. Rd2 e5 20. Bxd7 Bxd7 21.
dxe5 Bh3 22. Rxd8+ Rxd8 23. Rc1 Bg4 24. Qe3 Rd5 25. Nd3 Bxf3 26. exf3 Bxe5 27.
Re1 Bd6 28. Qxe7 Bxe7 29. Rxe7 Rxd3 30. Rxb7 1/2-1/2

[Event "NED-ch 1997"]
[Site "Rotterdam"]
[Date "1997.07.03"]
[Round "11"]
[White "Van der Sterren, Paul"]
[Black "Van den Doel, Erik"]
[Result "1/2-1/2"]
[WhiteElo "2515"]
[BlackElo "2430"]
[PlyCount "136"]
[EventDate "1997.06.21"]
[Source "ChessBase"]
[SourceDate "1997.10.13"]

1. d4 Nf6 2. c4 g6 3. Nc3 Bg7 4. e4 d6 5. Nf3 O-O 6. Be2 e5 7. O-O Nc6 8. d5
Ne7 9. b4 a5 10. Ba3 axb4 11. Bxb4 Nd7 12. a4 Bh6 13. Nd2 f5 14. Bf3 Bxd2 15.
Qxd2 f4 16. Nb5 g5 17. Be2 Nc5 18. Bxc5 dxc5 19. Rfd1 Ra6 20. Qb2 Ng6 21. Bh5
Qe7 22. f3 Nh8 23. h3 Nf7 24. a5 Rh6 25. Bg4 Bxg4 26. fxg4 Ra6 27. Rd3 Kg7 28.
Rb3 Rfa8 29. Rba3 Kg6 30. Qf2 h6 31. R3a2 Rh8 32. Nc3 Rha8 33. Rb1 Rxa5 34.
Rxa5 Rxa5 35. Rxb7 Nd6 36. Rb8 Nxc4 37. Qe2 Ra1+ 38. Nb1 Na3 39. Qa6+ Kg7 40.
Kh2 Rxb1 41. Ra8 Nc2 42. Qc8 Ne3 43. Qh8+ Kf7 44. Qh7+ Kf6 45. Qxh6+ Kf7 46.
Qh7+ Kf6 47. Qh8+ Kf7 48. Qg8+ Kf6 49. Rf8+ Qxf8 50. Qxf8+ Kg6 51. Qg8+ Kh6 52.
Qe6+ Kg7 53. Qxe5+ Kg6 54. Qe6+ Kg7 55. Qd7+ Kg6 56. Qc6+ Kg7 57. Qxc7+ Kg6 58.
Qd6+ Kg7 59. Qe5+ Kg6 60. g3 f3 61. Qh8 Rf1 62. Qg8+ Kh6 63. Qe6+ Kg7 64. h4
Rf2+ 65. Kh3 Rf1 66. Qe7+ Kg8 67. Qxg5+ Kf8 68. Qd8+ Kg7 1/2-1/2

[Event "NED-ch 1997"]
[Site "Rotterdam"]
[Date "1997.07.03"]
[Round "11"]
[White "Van der Weide, Karel"]
[Black "Sosonko, Gennadi"]
[Result "0-1"]
[WhiteElo "2355"]
[BlackElo "2515"]
[PlyCount "96"]
[EventDate "1997.06.21"]
[Source "ChessBase"]
[SourceDate "1997.10.13"]

1. e4 c5 2. Nf3 d6 3. d3 Nc6 4. g3 g6 5. Bg2 Bg7 6. O-O e5 7. c3 Nge7 8. Nbd2
O-O 9. a3 h6 10. b4 Be6 11. Bb2 Qd7 12. Qe2 f5 13. exf5 gxf5 14. Rae1 Rae8 15.
bxc5 dxc5 16. Nxe5 Nxe5 17. d4 N7g6 18. dxe5 Nxe5 19. c4 Nd3 20. Bxg7 Kxg7 21.
Rb1 Bxc4 22. Qf3 Ba6 23. Rfd1 b6 24. Bf1 Rd8 25. Rb3 c4 26. Bxd3 cxd3 27. Rc3
Bb7 28. Qf4 Qd5 29. Rc7+ Rf7 30. Rxf7+ Kxf7 31. f3 Qd4+ 32. Qxd4 Rxd4 33. Rc1
Rd7 34. Rc3 Ba6 35. f4 Ke6 36. Kf2 Kd5 37. Ke1 Re7+ 38. Kd1 Bb5 39. Rc8 Kd4 40.
Rd8+ Ke3 41. Ke1 Rc7 42. Nf1+ Kf3 43. Nd2+ Kg2 44. Nb3 Kxh2 45. Rd6 Kxg3 46.
Nd4 Bd7 47. Rxh6 Kxf4 48. Rh7 Ke4 0-1

[Event "NED-ch 1997"]
[Site "Rotterdam"]
[Date "1997.07.03"]
[Round "11"]
[White "Van der Wiel, John"]
[Black "Nijboer, Friso"]
[Result "1/2-1/2"]
[WhiteElo "2555"]
[BlackElo "2555"]
[PlyCount "88"]
[EventDate "1997.06.21"]
[Source "ChessBase"]
[SourceDate "1997.10.13"]

1. e4 c5 2. Nf3 Nc6 3. d4 cxd4 4. Nxd4 Nf6 5. Nc3 d6 6. Bc4 e6 7. Be3 Be7 8.
Bb3 a6 9. f4 O-O 10. O-O Na5 11. e5 dxe5 12. fxe5 Nd5 13. Nxd5 exd5 14. Qf3 Be6
15. Rad1 Nxb3 16. axb3 Qc8 17. Qg3 Kh8 18. c3 a5 19. Rf4 Qd7 20. Rdf1 b5 21.
Nf5 Bxf5 22. Rxf5 Qe6 23. Qh3 Kg8 24. Rxf7 Qxh3 25. Rxf8+ Rxf8 26. gxh3 Rxf1+
27. Kxf1 Kf7 28. Bb6 Ke6 29. Ke2 Bg5 30. Bxa5 Bf4 31. Kd3 Bxh2 32. c4 h5 33.
cxb5 Bxe5 34. b6 g5 35. b7 Kd7 36. Bc3 Bb8 37. Kd4 Kc6 38. b4 h4 39. b5+ Kxb7
40. Kxd5 g4 41. Ke4 gxh3 42. Kf3 Kb6 43. Be1 h2 44. Kg2 h1=Q+ 1/2-1/2